000 00829pam a2200265 a 4500
008
020 _a0415065496 (pbk.)
049 _aMAIN
090 _aLB2900.5
_bNEW
100 1 _aNewton, Colin.
245 1 0 _aManaging change in schools :
_ba practical handbook /
_cColin Newton and Tony Tarrant.
260 _aLondon :
_bRoutledge,
_c1992.
300 _a253 p. :
_bill. ;
_c25 cm.
440 0 _aEducational management series.
504 _aIncludes bibliographical references.
500 _aIncludes index.
650 0 _aSchool management and organization
_zGreat Britain.
650 0 _aSchools
_aManagement.
700 _aTarrant, Tony.
907 _a.b10269800
_b12-03-12
_c15-10-09
003
005 20230123124956.0
040 _cNUST
942 _cBOOKS
_kLB2900.5
_mNEW
999 _c133542
_d133542